00417pab a2200145 454500008004000000100001800040245007200058260000900130300001200139362000800151650003000159650003200189650001400221773003600235180718b2002 xxu||||| |||| 00| 0 eng d aAhlawat, S.R. aPolitical economy and the peasant suicide - a case of Haryana state c2002 ap.1-17. aApr aSuicide - India - Haryana aPeasantry - India - Haryana aPeasantry aGuru Nanak Journal of Sociology